Quizzes
Events
Quiz Creation
Community
Videos
Private Events
Remove Ads
Sign In
Join for FREE
Feedback
Dark Mode
Quiz Categories
Sports
Geography
Music
Movies
Television
Just For Fun
Miscellaneous
History
Literature
Language
Science
Gaming
Entertainment
Religion
Holiday
For Kids
Quiz Lab
Recent
Popular Today
Quiz Kudos Today
Editor Picks
Curator Picks
Quizzes by...
Day
Popularity
Type
Ratings
Length
Year
Community
Subscriptions
Recent Discussions
Orange Saloon
Badges
Playlists
Quests
Create
Leaderboards
Showdown
Live 5
Trivia Bingo
Activity
Puzzle Library
Sporcle Events
Private Events
Virtual Trivia
Globe League
Become a Host
Pub Owners
SporcleCon
Opinionation
Our Games
Videos
Blog
Mobile Apps
Partnerships
Remove Ads and Go Orange
Feedback
Movies
Disney
Marvel Cinematic Universe
Movie Resume
Movie Titles
Oscar
Actor
Actress
Director
Pixar
Role
Movie Quotes
Movie Characters
Box Office
Nominee
Best Picture
Star Wars
James Bond
Horror Movies
Movies
Disney
Marvel Cinematic Universe
Movie Resume
Movie Titles
Oscar
Actor
Actress
Director
Pixar
Role
Movie Quotes
Movie Characters
Box Office
Nominee
Best Picture
Star Wars
James Bond
Horror Movies
Random Quiz
Search Sporcle
×
Quiz Lab
Quiz Lab
Movies
Lord of the Rings
Type in answers that appear in a list
Type in answers that appear in a list
Classic
Best Score? Go Orange.
LOTR Fellowship of the Ring trivia Stats
Can you name the LOTR Fellowship of the Ring trivia?
By
DEATHKING
16m
50 Questions
4,328 Plays
4,328 Plays
4,328 Plays
Comments
Comments
Give Quiz Kudos
Give Quiz Kudos
-
- Ratings
hide this ad
More Info
Random Order
Randomize order of answers
Randomize order of answers
Replay
Link that replays current quiz
Next Quiz
Link to next quiz in quiz playlist
You Got
0%
They Got
Avg Score
62%
Avg Friend Score
Upgrade to see
Score Distribution
Jump to the score distribution portion of the page
Score
0/50
Timer
16:00
0
Plays Today
Hint
% Correct
Who is the 1st member of the fellowship dies
Gandalf
88.6%
How many rings were given to the men
9
85%
Who is the 2nd member of the fellowship who dies
Boromir
84.9%
How many rings were given to the Elves?
3
84.8%
What is the weapon Legolas uses mainly in the movie
Bow and Arrow
84.7%
How many rings were given to the Dwarves
7
84.3%
Which character cannot swim
Sam
83.4%
Who is Arathorn's son
Aragorn
83.1%
Gandalf and Saruman are both what
Wizards
82.5%
What is the weapon that Gimli uses to try and destroy the ring
Axe
81.8%
What was Gollum once called
Smeagol
81.4%
Elrond lives in which city of the Elves
Rivendell
81.1%
What creature does Gandalf jump onto when he jumps from Orthanc
Eagle
79.4%
Who kills the cave troll in Moria
Legolas
78.9%
Who is head of Gandalf the Grey's order
Saruman
78.1%
Where did Sauron forge the one ring
Mount Doom
77.9%
According to Gimli what does nobody toss
A Dwarf
77.9%
What vegetable broke when the 4 hobbits fell down the hill
Carrot
77.7%
How old does Bilbo turn in this movie
111
76.8%
Who destroys Sauron at the start of the movie
Isildur
75.4%
What did the dwarves awake in Moria
A Balrog
75.3%
Who is Gimli’s father
Gloin
75.2%
While Gandalf is smoking with Bilbo what shape of smoke does Gandalf blow out of his pipe
Ship and Boat
75.1%
What is the type of fireworks that Merry and Pippin set off
Dragon
73.5%
What are the two items Bilbo gives to Frodo in Rivendell
Sting and Mithril
73.3%
Hint
% Correct
What is the 1st thing the cave troll kills in Moria
Orc
71.8%
What does Galadriel give to Gimli
Hair
69.8%
Gimli says he has eyes and ears of two animals what are they
Fox and Hawk
69.5%
Who are the rulers of Lothlorien
Galadriel and Celeborn
68.8%
What creature does Gandalf whisper instruction too on the top of Orthanc
Moth
67.5%
Who is the lord of Moria
Balin
65.5%
What is Saruman's symbol
White hand
64.2%
Who catches Aragorn of his guard
Arwen
63.1%
Who does Elrond call weak
Men
61.1%
Aragorn uses his sword fighting the nazgul’s what was his other weapon
Fire
59.8%
What is the sword that destroys Sauron at the start of the movie
Narsil
52%
What does Galdriel give Sam
Elven rope
50.6%
Which high king does Sauron kill at the start of the movie
Elendil
47.3%
What is the Elvish word that opens the doors to Moria
Mellon
45.6%
Legolas is the son of who
Thranduil
38.4%
What is the type of blade that stabs Frodo
Morgul Blade
36.5%
What does Galadriel give Merry and Pippin
Elven daggers
36.3%
From Rivendell which way is it to Mordor?
Left
34.1%
Who is Balin’s father
Fundin
27%
What is the ring that Galadriel is the keeper of
Nenya and Ring of Adamant
26.9%
Where is Legolas from
Woodland Realm
24.1%
What does Galadriel Give Frodo
Light of Earendil
23.1%
On Orthanc what language is Saruman Shouting
Quenya
15.1%
On Caradhras what language is Gandalf shouting
Sindarin
14.1%
What was the elven rope made of
Hithlain
6.7%
Quiz Playlist
Details
Report
Send in Message
Add To Playlist
More Info:
Some of the questuions are from both theatrical and extended editions.
Classic:
Type in answers that appear in a list
Random Order:
Randomize order of answers
Last Updated: Feb 16, 2017
Quiz Scoreboard
CHALLENGE
Sign Up to Join the Scoreboard
Show All
Scores
Hide
Comments
May contain spoilers
Recently Published
Billboard Blitz: Fleetwood Mac
by CooCooCachoo
Music
15s
Presidents Visiting Landmarks
by Hejman
History
7m
An Introduction to Baseball
by treessimontrees
Sports
5m
More to Explore
Quiz From the Vault
Featured Blog Post
Where Did the Easter Bunny Come From?
hide this ad
You Might Also Like...
Tags
Lord of the Rings Quiz
Fellowship
Ring
Today's Top Quizzes in Movies
Browse Movies
hide this ad
Today's Top Quizzes in Lord of the Rings
Browse Lord of the Rings
Top Contributed Quizzes in Movies
1
Pick 5 Posters: Directed by Spielberg
2
7-to-1: Pixar Characters
3
Pick 5 Posters: Lowest-Rated Spielberg
4
Sorting Actors
5
Pick 5 Posters: Directed by Scorsese
6
Sorting Actresses
7
Pick 5 Posters: Star & Director
8
Pick 5 Posters: Women Directed 2020s
9
12 Movies about Fictional 1960s Events
10
Multi-Oscar Nominations, One Movie, One Winner
Explore More
Trending Topics
Kpop
Marvel
Anime
Crossword
Harry Potter
Disney
NBA
Soccer
WWE
Country
NFL
The Office
Pokémon
Puzzle
Song
hide this ad
More By:
DEATHKING
Quiz
Plays
Rating
Category
Featured
Created
LOTR Fellowship of the Ring trivia
4,328
2.61
Movies
Jan 30, 2010
LOTR Two Towers quiz
2,366
2.38
Movies
Jan 31, 2010
LOTR Return of the King
2,183
2.08
Movies
Feb 2, 2010
Pilot Lost Episode Trivia
1,524
2.56
Television
Feb 12, 2010
LA X Lost Episode Trivia
826
2.13
Television
Feb 10, 2010
Go to Creator's Profile
Score Distribution
Quiz Creator Spotlight
DEATHKING
Follow
Send a Message
Quizzes Created
-
Created Quiz Play Count
-
More By This Creator
Popular Quizzes Today
1
Find the US States - No Outlines Minefield
2
Find the Countries of Europe - No Outlines Minefield
3
The Countries of the World
4
Find the US States
5
US States
6
Risky Map Clicking: Biggest States A-Z
7
Popular People in 1961
8
Movies - When Are They Set?
More Movies Quizzes
A History of Violins II: You Had Me at Cello
Editor's Pick
Trending Quizzes
Risky Map Clicking: Least Populous States A-Z
1-10 Letter G Words
1-10 Letter F Words
Risky Map Clicking: Next State Alphabetically
Risky Map Clicking: Biggest States A-Z
Recently Updated
Leaping Animals
pecheneg
Reality TV Shows (A-Z)
bhenderson79
Rickey Henderson's Hall of Fame Teammates
pecheneg
Champions League XIs: Arsenal
pecheneg
Quick Pick: Celebrities in WWE's Hall of Fame
aduchscher
A-Z Keypad Blitz II
pecheneg
Multiple Oscar Actors
pecheneg
Mystery Phrase Blitz: Oscar 'Best Actors'
pecheneg
F. Scott Fitzgerald Novels
LTH
Pick 3 Villains
ddd62291
Trending Topics
Harry Potter
Kpop
NBA
Anime
Disney
Marvel
Crossword
NFL
Country
Soccer
Song
Pokémon
Puzzle
The Office
WWE
Your Account Isn't Verified!
In order to create a playlist on Sporcle, you need to verify the email address you used during registration. Go to your
Sporcle Settings
to finish the process.
Report this User
Report this user for behavior that violates our
Community Guidelines
.
Details:
Send Report
Go to the Sporcle.com Mobile Site →
Comments